Statistics for U.S. General Knowledge #11

Click here to take the quiz!

General Stats

  • This quiz has been taken 20,429 times
    (11,312 since last reset)
  • The average score is 12 of 20

Answer Stats

QuestionAnswer% Correct
What kind of animal are Chip and Dale?Chipmunks
89%
What hill does a bill sit on before it becomes a law?{Capitol} Hill
79%
Among major American cities, which one has the highest percentage
of Chinese-Americans?
San Francisco
75%
What ice cream chain supposedly offers 31 flavors?Baskin-Robbins
74%
What was the first name of action heroes Ryan, Reacher, and Bauer?Jack
73%
What type of animal appeared on the "don't tread on me" flag?Rattlesnake
69%
What is the capital of Pennsylvania?Harrisburg
65%
What brand of rum is named after a Caribbean pirate captain?Captain Morgan
64%
Who was the first person to sign the Declaration of Independence?John Hancock
64%
What business were the Ringling Brothers involved in?The Circus
64%
In the movie "A Christmas Story", what dangerous gift did Ralphie receive for Christmas?Red Ryder B.B. Gun
63%
What children's TV show featured the song "Won't You Be My Neighbor"?Mr. Rogers'
Neighborhood
61%
Who once lost an election by 537 votes, 5 votes, 1 vote, or negative 543,895 votes,
depending on one's perspective?
Al Gore
58%
What city is home to the University of Michigan?Ann Arbor
56%
What are the three biggest cities in Montana that start with the letter B?Billings
48%
What industry is sometimes referred to as "Madison Avenue"?Advertising
47%
Who is the U.S. interstate highway system named for?Dwight Eisenhower
46%
My bologna has a first name. What is it?Oscar
45%
What are the three biggest cities in Montana that start with the letter B?Bozeman
33%
What are the three biggest cities in Montana that start with the letter B?Butte
33%

Score Distribution

Percentile by Number Answered

Percent of People with Each Score

Your Score History

You have not taken this quiz since the last reset